01399nmm a2200277 450000100060000000300160000600500170002200800410003904000420008004100080012207200280013010000390015824502750019726000580047230000130053033600270054333700270057033800390059750000840063650200910072065000590081165000220087065000390089270000400093185601500097157763Biblioteca APEC20251014134039.0221015b2018 dr ||||| |||| 00| 0 spa d aBiblioteca APECbspacBiblioteca APEC aspa aFacultad de Humanidades10aAlonzo Santana, Rosa Emiliaeautor10aCapacitación a docentes en la estrategia metodológica de la competencia pensamiento lógico, creativo y crítico del aprendizaje de fracciones, 4to. grado escuela Félix Ramón Fernández, 2018 /cRosa Emilia Alonzo Santana ; asesor: Damarys Vicente de la Riva  aSantiago de los Caballeros :bUniversidad APEC,c2018 a1 CD ROM aTextobtxt2rdacontent aordenadorbc2rdamedia arecurso en líneabcr2rdacarrier aTesis en Formato PDF. Tesis en Formato Electrónico. Tesis en Formato Digital. aTesis (Maestría en la Enseñanza de Matemática Básica) - Universidad APEC, 2018 72lembaFraccionesxEnseñanza elementalxMetodología 72lembaPedagogía 72lembaMetodología en pedagogía 0aVicente de la Riva, Damaryseasesor uhttps://bibliotecaunapec.blob.core.windows.net/tesis/TPG_C1_MMB_02_2018_eT220428.pdfyHacer clic para ver el PDF (1.73 MB). Trabajo de posgrado